000 00746nam a22001937a 4500
003 0
005 20250203113717.0
008 250203b xxu||||| |||| 00| 0 eng d
050 _aHM 742
_b.M33 2023
100 _aMacatangay, Nico G.
245 _aThe impact of facebook marketing on the impulse buying behavior of consumers during the new digital age.
_cNico G. Macatangay
260 _aLas Pinas City
_bSouthville International School and Colleges
_c2023
300 _axii, 133 pages;
_c28cm.
500 _aBachelor of Science in Business Administration Major in Marketing Management.
504 _aIncludes bibliographical references and appendices.
650 _aFacebook -- Marketing.
650 _aDigital marketing.
942 _2lcc
_cTH
999 _c367098
_d367098